00811nam a2200181 a 4500001001000000005001700010008004100027041000800068044000800076050002500084100003900109245019300148260003700341300001900378500006000397500016300457500000900620BRCA_637520190320205430.0290811s1904----nyu#######---#000-0#spa-# aspa anyu 4aPQ6279c.B3 A65 19041 aBarahona de Soto, Luisd1548?-159510aPrimera parte de la Angelicacde Lvys Barahona de Soto ... Con aduertimientos a los fines de los cantos y breues Summarios a los principios, por el Presentado fray Pedro Verdugo de Sarria. aNueva YorkbDe Vinne pressc1904 a251 h.c21 cm. aReproducción facsímilar del original (Granada,1586) aThis edition of two hundred was printed in facsimile for Archer M. Huntington, from the copy in his library, at the De Vinne Press, nineteen hundred and four. aK174